Özv. Eckstein Fülöpné sz. Szobotka Regina [gyászjelentés]
Elmentve itt :
| Dokumentumtípus: | Cikk |
|---|---|
| Megjelent: |
1928-06-10
|
| Sorozat: | Délmagyarország
4 No. 130 |
| Kulcsszavak: | Eckstein Fülöpné Szobotka Regina özv., Gyászjelentés Szeged |
| Online Access: | http://dmarchiv.bibl.u-szeged.hu/38281 |
| LEADER | 00488nab a2200145 i 4500 | ||
|---|---|---|---|
| 001 | delm38281 | ||
| 005 | 20180927112917.0 | ||
| 008 | 180927s1928 hu o 0|| hun d | ||
| 040 | |a SZTE Délmagyarország Archívum |b hun | ||
| 041 | |a hun | ||
| 245 | 0 | 0 | |a Özv. Eckstein Fülöpné sz. Szobotka Regina |h [elektronikus dokumentum] : |b [gyászjelentés] |
| 260 | |c 1928-06-10 | ||
| 300 | |a 10 | ||
| 490 | 0 | |a Délmagyarország |v 4 No. 130 | |
| 695 | |a Eckstein Fülöpné Szobotka Regina özv., Gyászjelentés Szeged | ||